Psycholingvistická analýza vývinu lexiky asociačné štruktúry v subjektívnom slovníku

Bibliographic Details
Main Author: Maršálová, Libuša, 1927- (Author)
Format: Book
Language:Slovak
PhysicalDescription:216 strán grafy, schémy, tabuľky 21 cm
Published: Bratislava Slovenské pedagogické nakladateľstvo 1982
Edition:1. vyd.
Series:Pedagogické a psychologické diela
Subjects:

MARC

LEADER 00000cam a2200000 a 4500
001 vtls001097575
003 SK-MaSNL
005 20260302062343.0
008 240226s1982 xo dl frn 000 0 slo
015 |a SNBA1982 
020 |q (viazané) 
035 |a SNK000040417 
035 |a C74755F5-FBD3-4512-A19E-3C514184D7B0 
035 |a urn:nbn:sk:snk-am00igm8 
040 |a SNK  |b slo  |c SNK  |e AACR2 
041 0 |a slo  |b rus  |b eng 
044 |a xo  |c SK 
072 7 |a 81  |x Lingvistika. Jazyky  |2 konspekt 
080 |a 81'373  |2 2011 
080 |a 81`23  |2 2011 
080 |a (048.8)  |2 2011 
100 1 |a Maršálová, Libuša,  |d 1927-  |4 aut  |9 520713 
245 1 0 |a Psycholingvistická analýza vývinu lexiky  |b asociačné štruktúry v subjektívnom slovníku  |c Libuša Maršálová 
250 |a 1. vyd. 
260 |a Bratislava  |b Slovenské pedagogické nakladateľstvo  |c 1982 
300 |a 216 strán  |b grafy, schémy, tabuľky  |c 21 cm 
366 |e 1850 kusov 
490 1 |a Pedagogické a psychologické diela 
500 |a Titulný dvojlist. Poznámky pod čiarou 
504 |a Bibliografia na strane 186-188. Obsahuje bibliografické odkazy 
546 |a Ruské a anglické resumé 
650 0 7 |a lexikológia  |2 SNKPH  |9 866 
650 0 7 |a psycholingvistika  |2 SNKPH  |9 16681 
650 0 7 |a psycholingvistická analýza  |2 SNKPH  |9 722272 
655 7 |a štúdie  |2 SNKPH  |9 57033 
655 7 |a monografie  |2 SNKPH  |9 70139 
830 0 |a Pedagogické a psychologické diela  |9 368857 
852 |a Slovenská národná knižnica 
954 |a odborná, vedecká literatúra pôvodná (slovenská)  |2 lita 
958 |a RK 
958 |a TL 
958 |a NB 
958 |a OND 
958 |a EUIPO 
999 |c 1128949  |d 1130879 
952 |a SNK  |b SNK  |y PREZ  |7 0  |p 17A0057433  |o snkSC 54763  |i snkKSP 1779/82  |0 0  |1 0  |4 0  |d 1997-03-26  |f 1  |l 0  |r 2025-11-07 00:00:00  |w 2026-02-24 
952 |t P60, <04>, [BOOK], {604}  |a SNK  |b SNK  |y VYP  |7 0  |p 17A0350781  |o snkSC 54763 D1  |0 0  |1 0  |4 0  |d 2002-09-02  |l 0  |r 2004-12-31 00:00:00  |w 2026-02-24